| 000 | 00751nam a2200289Ia 4500 | ||
|---|---|---|---|
| 005 | 20250425161918.0 | ||
| 008 | 250425s9999 xx 000 0 und d | ||
| 020 | _a9586152162 | ||
| 041 | _aspa | ||
| 043 | _ack | ||
| 082 | _a658.8 | ||
| 100 | _aS.A. | ||
| 245 | 0 | _aESTRATEGIAS PARA EL MERCADEO DE PRODUCTOS INDUSTRIALES Y SERVICIOS | |
| 250 | _a1A ED. | ||
| 260 | _aBOGOTA | ||
| 260 |
_aColombia _bEDUCAR CULTURAL RECREATIVA LTDA. _c1988 |
||
| 300 | _a134 | ||
| 500 | _aTOMO V | ||
| 650 | _aESTRATEGIAS | ||
| 650 | _aINDUSTRIA-ADMINISTRACION | ||
| 650 | _aMERCADO DE PRODUCTOS | ||
| 650 | _aPLANEACION DE PRODUCCION | ||
| 650 | _aPRODUCTOS Y SERVICIOS | ||
| 710 | _aHARVARD BUSINESS REVIEW | ||
| 942 | _c01 | ||
| 010 | _a34703 | ||
| 999 |
_c218696 _d218696 |
||